[Event "Lovsprings op 04th"]
[Site "Ringsted"]
[Date "1992.05.31"]
[Round "7"]
[White "Larsen, Bjorn H"]
[Black "Christensen, Lars"]
[Result "0-1"]
[WhiteElo "2011"]
[BlackElo "2093"]
[PlyCount "60"]
[EventDate "1992.04.05"]
[EventType "swiss"]
[EventRounds "7"]
[EventCountry "DEN"]
[SourceTitle "EXT 2018"]
[Source "ChessBase"]
[SourceDate "2017.10.13"]
[SourceVersion "1"]
[SourceVersionDate "2017.10.13"]
[SourceQuality "1"]

1. d4 Nf6 2. Bg5 Ne4 3. Bh4 g5 4. f3 d5 5. fxe4 gxh4 6. exd5 Qxd5 7. Nc3 Qa5 8. Qd2 h5 9. 0-0-0 Bh6 10. e3 Bg4 11. Nf3 h3 12. Re1 Nc6 13. Bb5 f6 14. Qf2 0-0-0 15. Kb1 hxg2 16. Qxg2 Nb4 17. Bc4 Rd6 18. h3 Bd7 19. Rhg1 Qf5 20. e4 Qxh3 21. Qf2 Be8 22. Rg3 Qd7 23. Reg1 e6 24. d5 exd5 25. Qxa7 Nc6 26. Qa8+ Nb8 27. exd5 Be3 28. Rg7 Qf5 29. Nb5 Bxb5 30. Bxb5 Qxd5 0-1